[Event "TCh-CHN Division A 2014"]
[Site "Jiaxing CHN"]
[Date "2014.09.10"]
[Round "12.2"]
[White "Xu, Huahua"]
[Black "Guo, Qi"]
[Result "0-1"]
[WhiteTitle "WIM"]
[BlackTitle "WGM"]
[WhiteElo "2106"]
[BlackElo "2458"]
[WhiteTeam "Shandong"]
[BlackTeam "Jiangsu"]
[WhiteFideId "8604096"]
[BlackFideId "8604002"]
[EventDate "2014.04.12"]

1. e4 c6 2. d4 d5 3. e5 Bf5 4. h4 h5 5. Bd3 Bxd3 6. Qxd3 e6 7. Bg5 Qb6 8. Nd2
Ne7 9. Ne2 Nf5 10. O-O Qa6 11. c4 Bb4 12. Ng3 g6 13. Nxf5 gxf5 14. b3 Nd7 15.
Nf3 Be7 16. Rfe1 Rd8 17. Bxe7 Kxe7 18. Qc3 dxc4 19. bxc4 Nb6 20. Rec1 Na4 21.
Qb3 Rhg8 22. Rab1 b6 23. Qe3 c5 24. d5 exd5 25. Qh6 Rg6 26. Qxh5 d4 27. Qxf5 Qc8
28. Qxc8 Rxc8 29. Ng5 Nc3 30. Rb2 a6 31. f4 Rgc6 32. Rxc3 dxc3 33. Rc2 Rd8 34.
Rxc3 Rd4 35. g3 b5 36. cxb5 axb5 37. h5 b4 38. Rc2 c4 39. Nf3 Rd1+ 40. Kg2 c3
41. Kh3 Rc8 42. Kg4 Rg8+ 43. Kh3 Rgd8 44. Kg4 R1d2 45. Rc1 Rxa2 46. f5 c2 47.
f6+ Ke6 48. Ng5+ Kd5 49. Nxf7 Rg8+ 50. Ng5 b3 51. f7 Rb8 52. e6 Kd6 53. Kf5 Ke7
54. Ne4 Ra5+ 55. Kg6 Re5 56. Nc3 Rc5 57. Na4 0-1

[Event "TCh-CHN Division A 2014"]
[Site "Jiaxing CHN"]
[Date "2014.09.10"]
[Round "12.3"]
[White "Zeng, Chongsheng"]
[Black "Yu, Lie"]
[Result "1/2-1/2"]
[WhiteTitle "GM"]
[BlackTitle "IM"]
[WhiteElo "2540"]
[BlackElo "2327"]
[WhiteTeam "Guangdong"]
[BlackTeam "Zhejiang"]
[WhiteFideId "8603847"]
[BlackFideId "8603715"]
[EventDate "2014.04.12"]

1. b3 b6 2. Bb2 Bb7 3. Nf3 Nf6 4. c4 e6 5. g3 g6 6. Bg2 Bg7 7. d4 O-O 8. O-O d6
9. Nc3 Ne4 10. Qc2 Nxc3 11. Bxc3 Nd7 12. e4 Qe7 13. Rfe1 a6 14. Rad1 Rfd8 15. h4
Rac8 16. e5 dxe5 17. dxe5 b5 18. Qe2 bxc4 19. Qxc4 Nb6 20. Qe2 Rxd1 21. Rxd1 Rd8
22. Ng5 Bxg2 23. Kxg2 Rxd1 24. Qxd1 Nd5 25. Bb2 Qd7 26. Qf3 Bf8 27. h5 a5 28.
Bc1 Bg7 29. Bb2 Bh6 30. Ne4 Bf8 31. a4 Be7 32. Bc1 Qd8 33. Bd2 c5 34. Be1 Qc7
35. hxg6 hxg6 36. Bc3 c4 37. Bd4 Qc6 38. Kh2 cxb3 39. Qxb3 Nb4 40. f3 Qa6 41.
Qe3 Qc4 42. Nf6+ Kg7 43. Qd2 Nc6 44. Bc3 Qxa4 45. Ng4 Qa3 46. Kg2 Qc5 47. Qh6+
Kg8 48. Nf6+ Bxf6 49. exf6 Qf8 50. Qg5 Qd8 51. Qh6 Qf8 52. Qg5 e5 53. Bxe5 Nxe5
54. Qxe5 a4 55. Qe3 a3 56. g4 Qd8 1/2-1/2

[Event "TCh-CHN Division A 2014"]
[Site "Jiaxing CHN"]
[Date "2014.09.10"]
[Round "12.3"]
[White "Xu, Yinglun"]
[Black "Lu, Shanglei"]
[Result "1-0"]
[BlackTitle "GM"]
[WhiteElo "2410"]
[BlackElo "2566"]
[WhiteTeam "Guangdong"]
[BlackTeam "Zhejiang"]
[WhiteFideId "8604940"]
[BlackFideId "8603332"]
[EventDate "2014.04.12"]

1. d4 d5 2. c4 c6 3. Nf3 Nf6 4. e3 e6 5. Bd3 Nbd7 6. O-O Bd6 7. Nc3 dxc4 8. Bxc4
b5 9. Bd3 a6 10. e4 e5 11. Bc2 O-O 12. Bg5 Re8 13. Kh1 Bb7 14. Qd2 exd4 15. Nxd4
Nb6 16. Nf5 Be5 17. Qe1 h6 18. Bh4 Qc7 19. f4 Bxf4 20. Bxf6 gxf6 21. Ne2 Bg5 22.
h4 Bc8 23. hxg5 Bxf5 24. Rxf5 fxg5 25. Bb3 Nc4 26. Bxc4 bxc4 27. Ng3 Qd7 28. Rd1
Qe6 29. Qf2 1-0

[Event "TCh-CHN Division A 2014"]
[Site "Jiaxing CHN"]
[Date "2014.09.10"]
[Round "12.3"]
[White "Liu, Chang"]
[Black "Lan, Zilun"]
[Result "1-0"]
[WhiteElo "2368"]
[BlackElo "2147"]
[WhiteTeam "Guangdong"]
[BlackTeam "Zhejiang"]
[WhiteFideId "8606340"]
[BlackFideId "8604193"]
[EventDate "2014.04.12"]

1. d4 Nf6 2. c4 g6 3. Nc3 Bg7 4. e4 d6 5. Nf3 O-O 6. Be2 e5 7. O-O exd4 8. Nxd4
Re8 9. f3 c6 10. Nc2 Nh5 11. g4 Nf6 12. Bf4 h5 13. h3 Nh7 14. Bxd6 Qh4 15. Kg2
Rd8 16. c5 Ng5 17. Rh1 Be5 18. Qe1 Qxe1 19. Rhxe1 Bxd6 20. cxd6 hxg4 21. hxg4
Rxd6 22. Rad1 Rxd1 23. Rxd1 Nd7 24. Kg3 Nb6 25. f4 Nh7 26. g5 Be6 27. Ne3 Re8
28. e5 Kg7 29. Ne4 Nd5 30. Nxd5 Bxd5 31. Nf6 Nxf6 32. gxf6+ Kf8 33. a3 Rb8 34.
Bg4 a5 35. Rd2 b5 36. Rh2 Kg8 37. f5 Be4 38. fxg6 Bxg6 39. Rd2 c5 40. Kf4 b4 41.
axb4 axb4 42. Be2 b3 43. Kg5 Re8 44. Kh6 Kf8 45. Bb5 Rc8 1-0

[Event "TCh-CHN Division A 2014"]
[Site "Jiaxing CHN"]
[Date "2014.09.10"]
[Round "12.3"]
[White "Qiu, Mengjie"]
[Black "Li, Xueyi"]
[Result "1/2-1/2"]
[WhiteTitle "WFM"]
[WhiteElo "2126"]
[BlackElo "2193"]
[WhiteTeam "Zhejiang"]
[BlackTeam "Guangdong"]
[WhiteFideId "8606137"]
[BlackFideId "8605912"]
[EventDate "2014.04.12"]

1. e4 c6 2. Nc3 d5 3. Nf3 Nf6 4. e5 Ne4 5. h3 e6 6. Qe2 Nxc3 7. dxc3 c5 8. c4
Nc6 9. Bf4 Be7 10. Qd2 O-O 11. Rd1 dxc4 12. Qxd8 Bxd8 13. Bxc4 a6 14. a4 Ba5+
15. c3 Rb8 16. O-O b5 17. axb5 axb5 18. Bd3 b4 19. Be4 Bb7 20. Be3 Nd8 21. Ng5
h6 22. Bxb7 Nxb7 23. Ne4 Rfc8 24. Rd7 Rc7 25. Rfd1 Rxd7 26. Rxd7 bxc3 27. bxc3
Bb6 28. Kf1 Kf8 29. Ke2 Ke8 30. Rd1 Rc8 31. Rb1 Rc6 32. Rb5 Kd7 33. f4 Kc7 34.
c4 Ba7 35. g4 Kc8 36. Kf3 Rb6 37. Rxb6 Bxb6 38. f5 exf5 39. gxf5 Kd7 40. Kg4 Bc7
41. Bf4 Bd8 42. Kh5 Na5 43. Nd6 Ke7 44. Be3 Nb3 45. Ne4 Bb6 46. Nc3 Kd7 47. Nd5
Bd8 48. h4 Nd4 49. Kg4 h5+ 50. Kxh5 Nxf5 1/2-1/2

[Event "TCh-CHN Division A 2014"]
[Site "Jiaxing CHN"]
[Date "2014.09.10"]
[Round "12.3"]
[White "Ding, Yixin"]
[Black "Liu, Manli CHN"]
[Result "1-0"]
[WhiteTitle "WGM"]
[WhiteElo "2440"]
[BlackElo "1988"]
[WhiteTeam "Zhejiang"]
[BlackTeam "Guangdong"]
[WhiteFideId "8602972"]
[BlackFideId "8608121"]
[EventDate "2014.04.12"]

1. Nf3 d5 2. g3 Nf6 3. Bg2 Bg4 4. O-O c6 5. d3 e6 6. Nbd2 Nbd7 7. Qe1 Bd6 8. e4
Qc7 9. b3 O-O 10. Bb2 e5 11. h3 Bxf3 12. Nxf3 dxe4 13. dxe4 a5 14. a4 b5 15. Nd2
Rfb8 16. Qe2 Nc5 17. axb5 cxb5 18. Rfc1 Nfd7 19. Bf1 Ne6 20. Nf3 Qc6 21. Rd1
Nec5 22. Nh4 g6 23. Bg2 a4 24. b4 Ne6 25. Qd2 Ra6 26. Nf5 Rbb6 27. Ra3 Qc7 28.
Rc3 Qb8 29. Ne7+ Bxe7 30. Qxd7 Bf8 31. Rc8 Qb7 32. Qxb7 Rxb7 33. Bxe5 Rbb6 34.
Bf1 a3 35. Ra1 h6 36. c4 bxc4 37. Bxc4 Ra7 38. Bxe6 Rxe6 39. Bd4 Rae7 40. Rxa3
f6 41. Raa8 Rf7 42. Bc5 1-0

[Event "TCh-CHN Division A 2014"]
[Site "Jiaxing CHN"]
[Date "2014.09.10"]
[Round "12.4"]
[White "Ma, Qun"]
[Black "Wan, Yunguo"]
[Result "1-0"]
[WhiteTitle "GM"]
[BlackTitle "IM"]
[WhiteElo "2621"]
[BlackElo "2493"]
[WhiteTeam "Tianjing"]
[BlackTeam "Hebei"]
[WhiteFideId "8603154"]
[BlackFideId "8603189"]
[EventDate "2014.04.12"]

1. e4 e5 2. Nf3 Nc6 3. Bc4 Bc5 4. c3 Nf6 5. d3 d6 6. Bb3 a6 7. Nbd2 O-O 8. Nf1
Ne7 9. Ng3 Ng6 10. O-O Ba7 11. h3 Re8 12. Re1 h6 13. d4 b5 14. Be3 Bb7 15. d5
Bxe3 16. Rxe3 Nf4 17. Qd2 Qd7 18. Kh2 c6 19. dxc6 Bxc6 20. Rae1 g6 21. Qc2 Qb7
22. Nf1 Kg7 23. N1d2 Nd7 24. a3 Rac8 25. Ba2 a5 26. Nb3 Qc7 27. Qd2 d5 28. Nxa5
dxe4 29. Nxc6 exf3 30. g3 Qxc6 31. gxf4 Rcd8 32. Qd5 Qxd5 33. Bxd5 Nc5 34. Bc6
Re6 35. Bxf3 e4 36. Rd1 Rxd1 37. Bxd1 Rd6 38. Be2 f5 39. Bxb5 Ne6 40. Re2 Nxf4
41. Rc2 Rd1 42. c4 Nd3 43. c5 f4 44. c6 Ne1 45. Be2 Rd8 46. c7 Rc8 47. Bg4 1-0

[Event "TCh-CHN Division A 2014"]
[Site "Jiaxing CHN"]
[Date "2014.09.10"]
[Round "12.4"]
[White "Malakhov, Vladimir"]
[Black "Wang, Rui"]
[Result "1-0"]
[WhiteTitle "GM"]
[BlackTitle "GM"]
[WhiteElo "2708"]
[BlackElo "2394"]
[WhiteTeam "Tianjing"]
[BlackTeam "Hebei"]
[WhiteFideId "4120787"]
[BlackFideId "8601003"]
[EventDate "2014.04.12"]

1. c4 e6 2. Nc3 d5 3. d4 Nf6 4. cxd5 exd5 5. Bg5 Be7 6. e3 c6 7. Bd3 Nbd7 8. Qc2
Nh5 9. Bxe7 Qxe7 10. Nge2 g6 11. g4 Ng7 12. h3 Nb6 13. O-O-O Be6 14. Na4 O-O-O
15. Nc5 Kb8 16. Nf4 Bc8 17. Be2 Nd7 18. b4 Nxc5 19. bxc5 h5 20. Nd3 Rh6 21. Rhg1
hxg4 22. hxg4 Rh2 23. Kb2 Ne6 24. Ka1 Re8 25. Qb2 Ng5 26. Rb1 Qc7 27. Qb4 Ne4
28. Qe1 Qe7 29. f3 Nc3 30. Qxc3 Rxe2 31. Ne5 Ka8 32. Qd3 Rf2 33. g5 Bf5 34. e4
Be6 35. Qe3 Rh2 36. Rh1 Reh8 37. Rxh2 Rxh2 38. Qf4 Rh8 39. Re1 a6 40. Nd3 Qd8
41. Qf6 Ka7 42. Qxd8 Rxd8 43. Nf4 dxe4 44. Nxe6 fxe6 45. Rxe4 Rd5 46. f4 Kb8 47.
Kb2 Kc7 48. Kc3 Kd7 49. Kb4 b6 50. cxb6 Rb5+ 51. Kc4 Rxb6 52. Re2 Rb5 53. Kd3
Ra5 54. Rh2 Kd6 55. Ke4 Ra4 56. Rh6 c5 57. Rxg6 Rxd4+ 58. Ke3 Ke7 59. Rg7+ Kf8
60. Rc7 Ra4 61. a3 Rxa3+ 62. Ke4 Ra4+ 63. Ke5 a5 64. Rxc5 Kf7 65. Rc7+ Kf8 66.
Rc6 Kf7 67. Rxe6 Ra1 68. Ra6 a4 69. Kf5 a3 70. Ra7+ Ke8 71. Kf6 a2 72. f5 1-0

[Event "TCh-CHN Division A 2014"]
[Site "Jiaxing CHN"]
[Date "2014.09.10"]
[Round "12.4"]
[White "Zhai, Mo"]
[Black "Khotenashvili, Bela"]
[Result "0-1"]
[WhiteTitle "WIM"]
[BlackTitle "GM"]
[WhiteElo "2325"]
[BlackElo "2504"]
[WhiteTeam "Hebei"]
[BlackTeam "Tianjing"]
[WhiteFideId "8600201"]
[BlackFideId "13602640"]
[EventDate "2014.04.12"]

1. d4 g6 2. c4 Bg7 3. Nc3 c5 4. d5 d6 5. Nf3 e6 6. dxe6 Bxe6 7. Nb5 Nf6 8. Qxd6
Na6 9. a3 Bxc4 10. Qxd8+ Rxd8 11. Nc3 O-O 12. Bg5 h6 13. Bxf6 Bxf6 14. Rc1 Be6
15. e3 Nc7 16. Nd2 Bg7 17. Be2 b6 18. Bf3 Rfe8 19. Ke2 Bf5 20. Rhd1 Bd3+ 21. Ke1
Ne6 22. Bc6 Re7 23. Nde4 f5 24. Ng3 Nf4 25. Rd2 Rd6 26. Bf3 c4 27. Kd1 Ne6 28.
Bd5 Red7 29. Bxe6+ Rxe6 30. Nge2 g5 31. Nb5 f4 32. Ned4 Re8 33. b3 fxe3 34. fxe3
Rxe3 35. Rxc4 Bxc4 36. bxc4 Bxd4 37. Nxd4 Re4 38. Nc6 Rxd2+ 39. Kxd2 Rxc4 40.
Nxa7 Ra4 41. Nc8 b5 42. Ne7+ Kh7 0-1

[Event "TCh-CHN Division A 2014"]
[Site "Jiaxing CHN"]
[Date "2014.09.10"]
[Round "12.4"]
[White "Wang, Doudou"]
[Black "Ni, Shiqun"]
[Result "1/2-1/2"]
[WhiteTitle "WIM"]
[BlackTitle "WIM"]
[WhiteElo "2215"]
[BlackElo "2262"]
[WhiteTeam "Hebei"]
[BlackTeam "Tianjing"]
[WhiteFideId "8603197"]
[BlackFideId "8608466"]
[EventDate "2014.04.12"]

1. d4 Nf6 2. c4 g6 3. Nc3 d5 4. cxd5 Nxd5 5. e4 Nxc3 6. bxc3 Bg7 7. Nf3 c5 8.
Bb5+ Nc6 9. O-O O-O 10. Be3 cxd4 11. cxd4 Bg4 12. Bxc6 bxc6 13. Rc1 Rc8 14. Rc4
f5 15. h3 fxe4 16. hxg4 exf3 17. gxf3 Qd5 18. Rc5 Qxa2 19. Kg2 Rcd8 20. Qc2 Qxc2
21. Rxc2 Bxd4 22. Bxd4 Rxd4 23. Rxc6 Rd3 24. Ra6 Rfxf3 25. Rxa7 Rf4 26. f3 Re3
27. Ra5 h6 28. Kg3 Rf7 29. Ra7 Rf6 30. Ra4 Kf7 31. Kg2 g5 32. Rf2 e5 33. Rf1 Kg6
34. Rb4 h5 35. gxh5+ Kxh5 36. Rh1+ Kg6 37. Rf1 Rc6 38. Rf2 Rc1 39. Kg3 Kf5 40.
Ra4 Ree1 41. Rb4 Rh1 42. Ra4 Rc6 43. Rh2 Rg1+ 44. Rg2 Rd1 45. Rh2 Rcc1 46. Rb4
Re1 47. Rf2 Rcd1 48. Ra2 Rg1+ 49. Rg2 Rh1 50. Ra4 Rh8 51. Rh2 Rxh2 52. Kxh2 Rd4
53. Ra8 Kf4 54. Rf8+ Ke3 55. Kg2 g4 56. Rf5 gxf3+ 57. Rxf3+ Ke4 58. Ra3 Rd3 59.
Ra5 Rd5 60. Ra3 Rd2+ 61. Kf1 Kf4 62. Ke1 Rb2 63. Rc3 e4 64. Ra3 e3 65. Ra8 Kf3
66. Rf8+ Ke4 1/2-1/2

[Event "TCh-CHN Division A 2014"]
[Site "Jiaxing CHN"]
[Date "2014.09.10"]
[Round "12.5"]
[White "Li, Di"]
[Black "Wang, Chen"]
[Result "1/2-1/2"]
[WhiteTitle "FM"]
[BlackTitle "IM"]
[WhiteElo "2209"]
[BlackElo "2508"]
[WhiteTeam "Chengdu"]
[BlackTeam "Chongqing"]
[WhiteFideId "8607508"]
[BlackFideId "8601020"]
[EventDate "2014.04.12"]

1. d4 Nf6 2. c4 e6 3. g3 Bb4+ 4. Bd2 Qe7 5. Bg2 Nc6 6. Nf3 O-O 7. O-O Bxd2 8.
Qxd2 d5 9. Rc1 Rd8 10. Na3 Bd7 11. Qe3 Be8 12. h3 Ne4 13. Nc2 f5 14. cxd5 exd5
15. Nce1 Qd6 16. Nd3 Ne7 17. Nfe5 b6 18. Kh2 Bb5 19. f3 Bxd3 20. exd3 Nf6 21. f4
Nd7 22. Rc2 Rac8 23. Rac1 c6 24. a3 a5 25. Bf3 Rc7 26. Qf2 Rdc8 27. Rc3 Nf8 28.
b4 axb4 29. axb4 Ne6 30. Rb3 Ra8 31. Rb2 Ra4 32. Rcb1 Rca7 33. Bd1 Ra3 34. Rc1
h6 35. Bh5 Nc7 36. Qc2 Nb5 37. Nxc6 Rc3 38. Nxe7+ Rxe7 39. Qd2 Rxc1 40. Qxc1 Kh7
41. Qg1 Qc7 42. Bf3 Qc3 43. Rg2 Qxd3 44. Qd1 Qe3 45. Bxd5 Nc3 46. Qc2 g6 47. Bc6
Ne2 48. b5 Nxd4 49. Qd2 Qxd2 50. Rxd2 Re2+ 51. Rxe2 Nxe2 52. Kg2 Nd4 53. Kf2 Kg7
54. Ke3 Ne6 55. Kd3 Kf6 56. Bf3 Ke7 57. h4 Kd6 58. Bc6 Nc7 1/2-1/2

[Event "TCh-CHN Division A 2014"]
[Site "Jiaxing CHN"]
[Date "2014.09.10"]
[Round "12.5"]
[White "Xu, Xiangyu CHN"]
[Black "Zvjaginsev, Vadim"]
[Result "1/2-1/2"]
[BlackTitle "GM"]
[WhiteElo "2277"]
[BlackElo "2655"]
[WhiteTeam "Chengdu"]
[BlackTeam "Chongqing"]
[WhiteFideId "8608288"]
[BlackFideId "4113403"]
[EventDate "2014.04.12"]

1. e4 d6 2. d4 Nf6 3. Nc3 g6 4. f4 Bg7 5. Nf3 O-O 6. Bd3 Na6 7. O-O c5 8. e5 Ng4
9. d5 dxe5 10. Bxa6 bxa6 11. h3 e4 12. Nxe4 Nf6 13. Nxf6+ Bxf6 14. Ne5 Qd6 15.
b3 Rd8 16. c4 e6 17. Bb2 exd5 18. cxd5 Qxd5 19. Qxd5 Rxd5 20. Rad1 Rxd1 21. Rxd1
Be6 22. Ba3 Rc8 23. Rd6 a5 24. Nc6 a4 25. Bxc5 axb3 26. axb3 a5 27. Bb6 Kg7 28.
Nd4 Rc1+ 29. Kh2 Bc8 30. Bxa5 Be7 31. Rc6 Rxc6 32. Nxc6 Bd6 33. g3 Bd7 34. Nd4
h5 35. b4 h4 36. Nf3 hxg3+ 37. Kxg3 f6 38. h4 Kf7 39. Nd4 g5 40. hxg5 fxg5 41.
b5 Bxf4+ 42. Kf2 g4 43. Bd8 Be5 44. Nc6 Bd6 45. Bh4 Ke6 46. Kg2 Kd5 47. Bg3 Bc5
48. Bf2 Bf8 49. Na7 Bd6 50. b6 Bb8 51. Bg3 Bxa7 52. bxa7 Bc6 1/2-1/2

[Event "TCh-CHN Division A 2014"]
[Site "Jiaxing CHN"]
[Date "2014.09.10"]
[Round "12.5"]
[White "Liu, Guanchu"]
[Black "Zhou, Weiqi"]
[Result "0-1"]
[WhiteTitle "IM"]
[BlackTitle "GM"]
[WhiteElo "2409"]
[BlackElo "2614"]
[WhiteTeam "Chengdu"]
[BlackTeam "Chongqing"]
[WhiteFideId "8603901"]
[BlackFideId "8601674"]
[EventDate "2014.04.12"]

1. e4 e5 2. Nf3 Nc6 3. Bb5 a6 4. Bxc6 dxc6 5. O-O Qd6 6. Na3 b5 7. d4 exd4 8.
Nxd4 c5 9. Nf5 Qxd1 10. Rxd1 Bxf5 11. exf5 Bd6 12. c4 b4 13. Nc2 Ne7 14. Ne3 Kd7
15. b3 f6 16. Bb2 h5 17. g3 a5 18. a4 bxa3 19. Rxa3 Rhb8 20. Bc3 Ra7 21. Rxa5
Rxa5 22. Bxa5 Rxb3 23. Kg2 Ke8 24. Kh3 Kf7 25. Nd5 Nxf5 26. Nxc7 g5 27. Nb5 Be5
28. Bb6 h4 29. Kg2 hxg3 30. hxg3 Bxg3 31. Bxc5 Be5 32. Nd6+ Bxd6 33. Bxd6 Rc3
34. c5 Kg6 35. Kf1 Rc2 36. Rd5 Nh6 37. Ke1 Nf5 38. Kf1 Nh4 39. Bb8 Nf3 40. Ba7
Ne5 41. Ke1 Kf5 42. Kd1 Rc4 43. Rd2 Ke4 44. Bb6 Kf3 0-1

[Event "TCh-CHN Division A 2014"]
[Site "Jiaxing CHN"]
[Date "2014.09.10"]
[Round "12.5"]
[White "Huang, Qian"]
[Black "Ren, Xiaoyi"]
[Result "0-1"]
[WhiteTitle "WGM"]
[WhiteElo "2464"]
[BlackElo "2130"]
[WhiteTeam "Chongqing"]
[BlackTeam "Chengdu"]
[WhiteFideId "8602689"]
[BlackFideId "8608709"]
[EventDate "2014.04.12"]

1. Nf3 Nf6 2. g3 g6 3. Bg2 Bg7 4. O-O d5 5. d3 O-O 6. Nbd2 c5 7. e4 Nc6 8. Re1
d4 9. Nc4 b5 10. Nce5 Nxe5 11. Nxe5 Bb7 12. f4 Qc7 13. Nf3 Ng4 14. h3 Ne3 15.
Bxe3 dxe3 16. e5 f6 17. Rxe3 fxe5 18. Nxe5 Bxg2 19. Kxg2 g5 20. Qf3 gxf4 21.
gxf4 Rad8 22. Rae1 Rd4 23. f5 Kh8 24. c3 Ra4 25. a3 e6 26. Ng4 Rf4 27. Qe2 R4xf5
28. Rxe6 h5 29. Ne5 Bxe5 30. Rh6+ Kg7 31. Re6 Rf2+ 0-1

[Event "TCh-CHN Division A 2014"]
[Site "Jiaxing CHN"]
[Date "2014.09.10"]
[Round "12.5"]
[White "Tan, Zhongyi"]
[Black "Li, Yunshan"]
[Result "1-0"]
[WhiteTitle "WGM"]
[BlackTitle "WFM"]
[WhiteElo "2465"]
[BlackElo "1951"]
[WhiteTeam "Chongqing"]
[BlackTeam "Chengdu"]
[WhiteFideId "8603642"]
[BlackFideId "8607664"]
[EventDate "2014.04.12"]

1. c4 c6 2. d4 d5 3. Nf3 Nf6 4. Nc3 dxc4 5. a4 Bf5 6. Nh4 e6 7. Nxf5 exf5 8. e3
Bb4 9. Bxc4 O-O 10. O-O Nbd7 11. Qb3 Qb6 12. Rd1 g6 13. Na2 Bd6 14. Qxb6 Nxb6
15. Bb3 a5 16. Bd2 Nbd5 17. g3 Rfc8 18. Be1 Kf8 19. Nc1 Ke7 20. Nd3 g5 21. Nc5
b6 22. Nd3 h5 23. Rac1 Rc7 24. Ne5 Rac8 25. Rc2 Ng4 26. Nf3 f6 27. h4 Rg8 28.
Rxc6 Rxc6 29. Bxd5 Rcc8 30. Bxg8 Rxg8 31. d5 f4 32. exf4 gxf4 33. Nd4 fxg3 34.
fxg3 Ne3 35. Rd3 Nxd5 36. Bf2 Bc5 37. Nf5+ Ke6 38. Bxc5 Nf4 39. Rf3 Ne2+ 40. Kf2
bxc5 41. Kxe2 Ke5 42. Ne3 1-0

[Event "TCh-CHN Division A 2014"]
[Site "Jiaxing CHN"]
[Date "2014.09.10"]
[Round "12.6"]
[White "Fang, Yuxiang"]
[Black "Zhou, Jianchao"]
[Result "0-1"]
[BlackTitle "GM"]
[WhiteElo "2324"]
[BlackElo "2590"]
[WhiteTeam "Qingdao Qingwei"]
[BlackTeam "Shanghai"]
[WhiteFideId "8605840"]
[BlackFideId "8603537"]
[EventDate "2014.04.12"]

1. d4 Nf6 2. c4 g6 3. Nf3 Bg7 4. Nc3 d5 5. cxd5 Nxd5 6. g3 Nb6 7. Bg2 Nc6 8. e3
O-O 9. O-O Re8 10. b3 e5 11. Nxe5 Nxe5 12. dxe5 Bxe5 13. Bb2 c6 14. Qc2 Qe7 15.
Rad1 Bg4 16. Ne2 Bxb2 17. Qxb2 Qe5 18. Qxe5 Rxe5 19. Rfe1 Bxe2 20. Rxe2 Kf8 21.
Red2 a5 22. Rb1 Ke7 23. Kf1 Rd8 24. Ke1 f5 25. h4 Nc8 26. Rxd8 Kxd8 27. Kd2 Nd6
28. Kd3 Rc5 29. Bf3 Ke7 30. a3 Ke6 31. Bg2 a4 32. b4 Rc4 33. Ra1 b5 34. h5 Ne4
35. Bxe4 fxe4+ 36. Kd2 g5 37. h6 Kf5 38. Ra2 Kg4 39. Ke2 Rc3 40. Kd2 Rd3+ 41.
Ke2 Rb3 42. Rc2 Rxa3 43. Rxc6 Rb3 44. Rc7 a3 45. Ra7 Rb2+ 46. Kf1 a2 47. Kg2 Kh5
48. Ra5 Kxh6 49. g4 Kg6 50. Kg3 Re2 51. Ra3 Kf6 52. Ra5 Ke6 53. Kg2 Kd5 54.
Rxb5+ Kc4 55. Ra5 Kxb4 56. Ra7 Kb3 57. Kg3 Kb2 58. Rb7+ Kc1 59. Ra7 Kb1 60. Rb7+
Rb2 0-1

[Event "TCh-CHN Division A 2014"]
[Site "Jiaxing CHN"]
[Date "2014.09.10"]
[Round "12.6"]
[White "Li, Wenxiang"]
[Black "Lou, Yiping"]
[Result "0-1"]
[BlackTitle "IM"]
[WhiteElo "1846"]
[BlackElo "2461"]
[WhiteTeam "Qingdao Qingwei"]
[BlackTeam "Shanghai"]
[WhiteFideId "8609748"]
[BlackFideId "8603928"]
[EventDate "2014.04.12"]

1. d4 Nf6 2. c4 e6 3. Nf3 Bb4+ 4. Bd2 Qe7 5. g3 Nc6 6. Bg2 Bxd2+ 7. Nbxd2 d6 8.
Nf1 e5 9. Ne3 e4 10. Nd2 O-O 11. Nd5 Nxd5 12. cxd5 Nxd4 13. Nxe4 Bh3 14. Nf6+
gxf6 15. Bxh3 Qe4 16. f3 Nxf3+ 17. Kf2 Ng5 18. Bg2 Qf5+ 19. Bf3 Rfe8 20. Rc1 Re7
21. Rf1 Nxf3 22. exf3 Rae8 23. Kg1 Re5 24. Rxc7 Re2 25. Qd4 Qh3 26. Qg4+ Qxg4
27. fxg4 Rxb2 28. Rxf6 Re1+ 29. Rf1 Rxf1+ 30. Kxf1 Rxh2 31. Rxb7 Rxa2 32. Rb8+
Kg7 33. Rd8 Ra6 34. g5 Rb6 35. Kf2 a5 36. Ke3 Ra6 37. Kd3 a4 38. Kc2 Rb6 39. Kc3
Kg6 40. Rg8+ Kf5 41. Rg7 Rb7 42. Rxh7 a3 43. Rh2 Kxg5 44. Ra2 Ra7 45. Kc4 Kg4
46. Kb5 Kxg3 47. Kc6 f5 48. Kxd6 f4 49. Ke6 f3 50. d6 f2 51. d7 f1=Q 52. d8=Q
Qf7+ 53. Ke5 Re7+ 54. Kd6 Qf6+ 0-1

[Event "TCh-CHN Division A 2014"]
[Site "Jiaxing CHN"]
[Date "2014.09.10"]
[Round "12.6"]
[White "Zhou, Jiangnan"]
[Black "Ni, Hua"]
[Result "0-1"]
[BlackTitle "GM"]
[WhiteElo "2100"]
[BlackElo "2677"]
[WhiteTeam "Qingdao Qingwei"]
[BlackTeam "Shanghai"]
[WhiteFideId "8609918"]
[BlackFideId "8601160"]
[EventDate "2014.04.12"]

1. d4 Nf6 2. c4 e6 3. Nc3 Bb4 4. f3 d5 5. a3 Bxc3+ 6. bxc3 O-O 7. cxd5 exd5 8.
e3 Nh5 9. Qc2 Re8 10. g4 Nf4 11. Kd1 Ne6 12. Bd3 Nf8 13. Ne2 c5 14. Nf4 Nc6 15.
Qa2 c4 16. Bc2 b5 17. Rb1 Rb8 18. Rb2 a5 19. Qb1 Ba6 20. h4 Qd6 21. g5 b4 22.
axb4 axb4 23. cxb4 Nxb4 24. Bd2 c3 25. Bxc3 Rxe3 26. Rxb4 Rxb4 27. Qxb4 Qxf4 28.
Re1 Qxf3+ 29. Kc1 Rxc3 30. Re8 Qf1+ 31. Kb2 Rxc2+ 32. Kxc2 Qc4+ 33. Qxc4 Bxc4
34. h5 h6 35. g6 fxg6 36. hxg6 h5 37. Kd2 h4 38. Ke3 h3 39. Kf2 Bd3 40. Kg3 Bxg6
41. Re5 Be4 42. Kxh3 Kf7 43. Kg3 Ne6 0-1

[Event "TCh-CHN Division A 2014"]
[Site "Jiaxing CHN"]
[Date "2014.09.10"]
[Round "12.6"]
[White "Zhang, Xiaowen"]
[Black "Gao, Hanxue"]
[Result "1-0"]
[WhiteTitle "WGM"]
[WhiteElo "2355"]
[BlackElo "1766"]
[WhiteTeam "Shanghai"]
[BlackTeam "Qingdao Qingwei"]
[WhiteFideId "8603219"]
[BlackFideId "8608873"]
[EventDate "2014.04.12"]

1. e4 c6 2. d4 d5 3. Nc3 dxe4 4. Nxe4 Bf5 5. Ng3 Bg6 6. h4 h6 7. Nf3 Nd7 8. h5
Bh7 9. Bd3 Bxd3 10. Qxd3 e6 11. Bd2 Qc7 12. Ne4 Ngf6 13. O-O-O O-O-O 14. g3 Nxe4
15. Qxe4 Nf6 16. Qe2 Bd6 17. c4 c5 18. Bc3 Qe7 19. Kb1 Rhg8 20. Rd3 Nd7 21. Rhd1
cxd4 22. Nxd4 Bb4 23. Bxb4 Qxb4 24. Nb5 Qc5 25. Qd2 1-0

[Event "TCh-CHN Division A 2014"]
[Site "Jiaxing CHN"]
[Date "2014.09.10"]
[Round "12.6"]
[White "Ju, Wenjun"]
[Black "Yang, Yingxia"]
[Result "1-0"]
[WhiteTitle "WGM"]
[WhiteElo "2582"]
[BlackElo "1827"]
[WhiteTeam "Shanghai"]
[BlackTeam "Qingdao Qingwei"]
[WhiteFideId "8603006"]
[BlackFideId "8609837"]
[EventDate "2014.04.12"]

1. Nf3 Nf6 2. c4 e6 3. g3 d5 4. Bg2 c6 5. b3 Be7 6. Bb2 O-O 7. O-O Nbd7 8. e3
Qc7 9. Nc3 Nc5 10. Qc2 h6 11. Rac1 dxc4 12. bxc4 Qa5 13. d4 Na6 14. e4 Ba3 15.
e5 Nb4 16. Qa4 Qxa4 17. Nxa4 Bxb2 18. Nxb2 Nh7 19. a3 Na6 20. Rfd1 Rd8 21. Rd3
Nc7 22. Nd2 Bd7 23. Ne4 Rab8 24. Nd6 Ne8 25. c5 Nxd6 26. cxd6 Nf8 27. Rb3 Rdc8
28. Nd3 b5 29. Nb4 Rb6 30. Rbc3 a5 31. Nxc6 Bxc6 32. Rxc6 Rbxc6 33. Rxc6 Rb8 34.
Ra6 b4 35. Rxa5 b3 36. Be4 b2 37. Bb1 Rb3 38. Ra8 Rc3 39. d7 Rc1+ 40. Kg2 Rxb1
41. Rxf8+ Kh7 42. Rb8 1-0